|
|
|
|
| LEADER |
00000nam1a2200000 4500 |
| 001 |
60797 |
| 005 |
20231031061933.0 |
| 035 |
|
|
|a (RuTPU)RU\TPU\book\64285
|
| 090 |
|
|
|a 60797
|
| 100 |
|
|
|a 20040220d1947 k y0rusy50 ca
|
| 101 |
0 |
|
|a rus
|
| 102 |
|
|
|a RU
|
| 200 |
1 |
|
|a Бюллетень Комиссии по изучению четвертичного периода
|f Академия наук СССР (АН СССР), Комиссия по изучению четвертичного периода
|
| 210 |
|
|
|a Москва
|c Наука
|d [1929-1932, 1947- ]
|
| 300 |
|
|
|a С 1932 г. - Труды Комиссии по изучению четвертичного периода
|
| 440 |
|
1 |
|0 (RuTPU)RU\TPU\book\316543
|t Труды Комиссии по изучению четвертичного периода
|l Travaux de la commission pour l'etude du quaternaire de l'Academie des Sciences de l'URSS
|f Академия наук СССР (АН СССР), Комиссия по изучению производительных сил
|c Ленинград
|n Изд-во АН СССР
|d 1932-1965
|
| 712 |
0 |
2 |
|a Академия наук СССР (АН СССР)
|b Комиссия по изучению четвертичного периода
|2 stltpush
|3 (RuTPU)RU\TPU\col\722
|
| 801 |
|
1 |
|a RU
|b 63413507
|c 20040220
|g PSBO
|
| 801 |
|
2 |
|a RU
|b 63413507
|c 20180215
|g PSBO
|
| 942 |
|
|
|c BK
|